| 000 | 00542nam a22001811i 4500 | ||
|---|---|---|---|
| 001 | 7926 | ||
| 090 | _a7926 | ||
| 100 | _a20170304u u u0frey50 ba | ||
| 101 | 1 | _apor | |
| 200 | 1 |
_fEurico Figueiredo _aNo reino de Xantum _eos jovens e o conflito de gerações |
|
| 210 |
_cAfrontamento _aPorto _dcop. 1985 |
||
| 215 |
_a223, [5] p. _d21 cm |
||
| 225 | 2 |
_aBiblioteca das ciências do homem _v8 |
|
| 225 | 2 | _iPsicologia, Psiquiatria, Psicanálise | |
| 675 |
_a159.964 _93355 |
||
| 700 | 1 |
_aFigueiredo _bEurico _4070 _f1938- |
|
| 801 |
_aPT _gRPC |
||
| 990 | _cLIVROS | ||